000 00936nam a2200217Ia 4500
005 20240530110200.0
008 140319s1963 xx 000 0 ara d
040 _aGCL /
_cGCL
082 0 4 _b412 /
_bب ا
100 1 _aابى محمد عبدالله بن مسلم بن قتيبه الكوفى الدينورى
245 1 0 _aادب الكاتب /
_cتاليف ابى محمد عبدالله بن مسلم بن قتيبه الكوفى الدينورى ؛ محقق محمد محى الدين عبدالحميد
260 _aالقاهرة :
_bالمكتبة التجارية الكبرى ،
_c1963
300 _a535 ص
650 0 4 _aالشعر العربى
650 0 4 _aالادب العربى
650 0 4 _aالاشتقاق
650 0 4 _aاللغة العربية
700 1 _aمحمد محى الدين عبدالحميد
_eمحقق
942 _2ddc
_cBK
999 _c59240
_d59240